000 00450 a2200181 4500
020 _a9788176492430
082 _a001.42
090 _c6872
_d6872
100 _aLoraine Blaxter
110 _aChristina Hughes
245 _aHow to research
_cLoraine Blaxter
250 _a2nd ed.
260 _aNew Delhi
_bViva book private limited
300 _a285 p.
650 _aResearch- - Methodology
700 _aLoraine Blaxter
942 _cBK
_k001.42 BLA
999 _c10694
_d10694